000 01667nam a22002057a 4500
999 _c56894
_d56894
003 Ge_BSU
005 20190610212722.0
008 190610b2015 ge ||||| |||| 00| 0 geo d
020 _a9789941082818 (ტ. 1)
041 _ageo
080 _a821.353.1-222 ვ-70
245 _aვოდევილი ქართულ მწერლობაში. ტ. 1 /
_cქეთევან გიგაშვილის რედაქციით, შესავალი წერილით, გამოკვლევითა და ლექსიკონით.
264 _aთბილისი :
_bჯეოპრინტი,
_c2015.
300 _a475 გვ. :
_bფოტ;
_c20 სმ.
_eლექსიკონი: გვ . 453-468
500 _aწინამდებარე აკადემიური გამოცემის მრავალტომეული ეძღვნება პროექტის იდეის ავტორის, პროფესორ იდეის ავტორის, პროფესორ გიორგი ჯავახიშვილის ხსოვნას
653 _aქართული დრამატურგიის ისტორია და კრიტიკა
700 _aგიგაშვილი, ქეთევან
_eრედაქციით, შესავალი წერილით, გამოკვლევითა და ლექსიკონით.
_92369
710 _aიაკობ გოგებაშვილის სახ. თელავის სახელმწ. უნ-ტი
_92353
942 _2udc
_cBK